书目信息 |
| 题名: |
地图的见证
|
|
| 作者: | 宋超智 主编 | |
| 分册: | ||
| 出版信息: | 北京 中国地图出版社 2011.02 |
|
| 页数: | 104页 | |
| 开本: | 21×30cm | |
| 丛书名: | ||
| 单 册: | ||
| 中图分类: | K928.1 | |
| 科图分类: | ||
| 主题词: | 疆域--变迁--中国 , 疆域 | |
| 电子资源: | ||
| ISBN: | 978-7-5031-5908-4 | |
| 000 | 00916nam0 2200253 450 | |
| 001 | 010050011326 | |
| 005 | 20120626100743.25 | |
| 010 | @a978-7-5031-5908-4@dCNY88.00 | |
| 100 | @a20110520d2011 em y0chiy50 ea | |
| 101 | 0 | @achi |
| 102 | @aCN@b110000 | |
| 105 | @aab z 000yy | |
| 106 | @ar | |
| 200 | 1 | @a地图的见证@9di tu de jian zheng@e中国疆域变迁与地图发展@f宋超智主编@g本书编辑委员会编著 |
| 210 | @a北京@c中国地图出版社@d2011.02 | |
| 215 | @a104页@c图,地图@d21×30cm | |
| 330 | @a本书包括远古时期;夏、商、西周;春秋、战国;秦、西汉、东汉;三国、西晋、东晋、南北朝五个部分,内容有:历史回眸;测绘的神话与传说;地图的起源等。 | |
| 517 | 1 | @a中国疆域变迁与地图发展@9zhong guo jiang yu bian qian yu di tu fa zhan |
| 606 | 0 | @a疆域@x变迁@y中国 |
| 606 | 0 | @a疆域 |
| 690 | @aK928.1@v4 | |
| 701 | 0 | @a宋超智@9song chao zhi@4主编 |
| 801 | 0 | @aCN@bRENTIAN@c20110520 |
| 905 | @b540981-85@dK928.1@e588@f5 | |
| 地图的见证:中国疆域变迁与地图发展/宋超智主编/本书编辑委员会编著.-北京:中国地图出版社,2011.02 |
| 104页:图,地图;21×30cm |
| ISBN 978-7-5031-5908-4:CNY88.00 |
| 本书包括远古时期;夏、商、西周;春秋、战国;秦、西汉、东汉;三国、西晋、东晋、南北朝五个部分,内容有:历史回眸;测绘的神话与传说;地图的起源等。 |
| ● |
| 相关链接 |
|
|
|
|
正题名:地图的见证
索取号:K928.1/588
 
预约/预借
| 序号 | 登录号 | 条形码 | 馆藏地/架位号 | 状态 | 备注 |
| 1 | 540981 | 205409814 | 第二样本阅览室/ [索取号:K928.1/588] | 在馆 | |
| 2 | 540982 | 205409823 | 第二借阅区/ [索取号:K928.1/588] | 在馆 | |
| 3 | 540983 | 205409832 | 第二借阅区/ [索取号:K928.1/588] | 在馆 | |
| 4 | 540984 | 205409841 | 第二借阅区/ [索取号:K928.1/588] | 在馆 | |
| 5 | 540985 | 205409850 | 密集书库-史法系/ [索取号:K928.1/588] | 在馆 |